| 000 | 00544cam a2200193 i 4500 | ||
|---|---|---|---|
| 020 | _a9780073376905 (alk. paper) | ||
| 020 | _a0073376906 (alk. paper) | ||
| 040 | _cDLC | ||
| 082 | 0 | 0 | _a658 MCG 2015 A115 Or. |
| 100 | 1 | _aBaltzan, Paige. | |
| 245 | 1 | 0 | _aBusiness driven technology / |
| 250 | _aSIXTH EDITION. | ||
| 300 |
_axxxiii, 588 pages ; _c29 cm |
||
| 650 | 0 | _aInformation technology | |
| 650 | 0 | _aManagement information systems. | |
| 650 | 0 | _aInformation resources management. | |
| 650 | 0 | _aIndustrial management | |
| 942 | _cAEDBB | ||
| 999 |
_c17492 _d17492 |
||